Normal view MARC view
  • Gramática comparada y general

Entry Materia

Number of records used in: 24

001 - NÚMERO DE CONTROL DEL REGISTRO

  • campo de control: 15920

003 - IDENTIFICADOR DE NUMERO DE CONTROL

  • campo de control: MX-MxUPN

005 - FECHA Y HORA DE LA ÚLTIMA TRANSACCIÓN

  • campo de control: 20241008122231.0

008 - DATOS DE LONGITUD FIJA

  • campo de control de longitud fija: 241008n||acannbabn | a|a |d

010 ## - NÚMERO DE CONTROL DE LA BIBLIOTECA DEL CONGRESO (LC)

  • LC control number: sh 85056260

035 ## - NÚMERO DE CONTROL DEL SISTEMA

  • Número de control del sistema: UPN10000015928

035 ## - NÚMERO DE CONTROL DEL SISTEMA

  • Número de control del sistema: (DLC)sh 85056260

035 ## - NÚMERO DE CONTROL DEL SISTEMA

  • Número de control del sistema: (DLC)54377

040 ## - FUENTE DE LA CATALOGACIÓN

  • Lengua de catalogación: spa
  • Agencia de transcripción: DLC
  • Centro catalogador de origen: DLC
  • Agencia de modificación: DLC
  • Agencia de modificación: MX-MxUPN

053 #4 - NÚMERO CLASIFICADOR - BIBLIOTECA DEL CONGRESO (LC)

  • Elemento numérico de la clasificación - Número único o no. inicial del rango: P151
  • Elemento numérico de la clasificación - Número único o no. final del rango: P295

150 ## - ENCABEZAMIENTO - TEMÁTICO

  • Término de materia o nombre geográfico como elemento inicial: Gramática comparada y general

360 ## - REFERENCIA COMPLEJA DE VÉASE ADEMÁS - MATERIA

  • Texto explicativo: Subdivisión
  • Encabezamiento al que se remite: Gramática comparada
  • Texto explicativo: bajo nombres de lenguas. Ej.:
  • Encabezamiento al que se remite: Español - Gramática comparada

670 ## - FUENTE EN LA QUE SE LOCALIZARON DATOS

  • Cita de la fuente: Autoridades LC, 08 octubre 2024 :
  • Información localizada: (Grammar, Comparative and general)
  • Identificador Uniforme del Recurso: https://lccn.loc.gov/sh85056260

902 ## - CATALOGADOR

  • Catalogador: BEC/060810
  • Catalogador: MaríaRobles/081024